<?xml version="1.0" encoding="UTF-8"?>
<record
    xmlns:xsi="http://www.w3.org/2001/XMLSchema-instance"
    xsi:schemaLocation="http://www.loc.gov/MARC21/slim http://www.loc.gov/standards/marcxml/schema/MARC21slim.xsd"
    xmlns="http://www.loc.gov/MARC21/slim">

  <leader>01271nam0a2200325 i 4500</leader>
  <controlfield tag="001">RU\NLR\BIBL_A\010745832</controlfield>
  <controlfield tag="005">20241105131610.0</controlfield>
  <datafield tag="010" ind1=" " ind2=" ">
    <subfield code="a">9785878656139</subfield>
    <subfield code="9">100</subfield>
  </datafield>
  <datafield tag="021" ind1=" " ind2=" ">
    <subfield code="a">RU</subfield>
    <subfield code="b">2015-20160</subfield>
    <subfield code="9">1204</subfield>
  </datafield>
  <datafield tag="035" ind1=" " ind2=" ">
    <subfield code="a">(NILC)RuMoRGB-007893655</subfield>
  </datafield>
  <datafield tag="035" ind1=" " ind2=" ">
    <subfield code="a">(NLR Aleph) 010745832</subfield>
  </datafield>
  <datafield tag="090" ind1=" " ind2=" ">
    <subfield code="a">9923216</subfield>
    <subfield code="c">9923216</subfield>
  </datafield>
  <datafield tag="100" ind1=" " ind2=" ">
    <subfield code="a">20150507d2015    u  y0rusy50      ca</subfield>
  </datafield>
  <datafield tag="101" ind1="0" ind2=" ">
    <subfield code="a">rus</subfield>
  </datafield>
  <datafield tag="102" ind1=" " ind2=" ">
    <subfield code="a">RU</subfield>
  </datafield>
  <datafield tag="105" ind1=" " ind2=" ">
    <subfield code="a">a|||z||||||z|</subfield>
  </datafield>
  <datafield tag="200" ind1="1" ind2=" ">
    <subfield code="a">&#x428;&#x43B;&#x438; &#x43F;&#x438;&#x441;&#x44C;&#x43C;&#x430; &#x441; &#x444;&#x440;&#x43E;&#x43D;&#x442;&#x430;</subfield>
    <subfield code="f">&#x421;. &#x421;. &#x41A;&#x443;&#x434;&#x430;&#x448;&#x435;&#x432;&#x430;</subfield>
    <subfield code="g">&#x412;&#x43E;&#x441;&#x442;&#x43E;&#x447;&#x43D;&#x430;&#x44F; &#x44D;&#x43A;&#x43E;&#x43D;&#x43E;&#x43C;&#x438;&#x43A;&#x43E;-&#x44E;&#x440;&#x438;&#x434;&#x438;&#x447;&#x435;&#x441;&#x43A;&#x430;&#x44F; &#x430;&#x43A;&#x430;&#x434;. (&#x410;&#x43A;&#x430;&#x434;. &#x412;&#x42D;&#x413;&#x423;)</subfield>
  </datafield>
  <datafield tag="210" ind1=" " ind2=" ">
    <subfield code="a">&#x423;&#x444;&#x430;</subfield>
    <subfield code="c">&#x410;&#x43A;&#x430;&#x434;&#x435;&#x43C;&#x438;&#x44F; &#x412;&#x42D;&#x413;&#x423;</subfield>
    <subfield code="d">2015</subfield>
  </datafield>
  <datafield tag="215" ind1=" " ind2=" ">
    <subfield code="a">34 &#x441;.</subfield>
    <subfield code="c">&#x438;&#x43B;., &#x43F;&#x43E;&#x440;&#x442;&#x440;.</subfield>
    <subfield code="d">20</subfield>
  </datafield>
  <datafield tag="600" ind1=" " ind2="1">
    <subfield code="a">&#x41A;&#x443;&#x434;&#x430;&#x448;</subfield>
    <subfield code="b">&#x421;.</subfield>
    <subfield code="f">1894 - 1993</subfield>
    <subfield code="g">&#x421;&#x430;&#x439;&#x444;&#x438;</subfield>
    <subfield code="j">&#x41F;&#x435;&#x440;&#x435;&#x43F;&#x438;&#x441;&#x43A;&#x430;</subfield>
    <subfield code="9">1114560</subfield>
    <subfield code="3">RU\NLR\AUTH\66121045</subfield>
  </datafield>
  <datafield tag="606" ind1=" " ind2=" ">
    <subfield code="a">&#x41F;&#x438;&#x441;&#x430;&#x442;&#x435;&#x43B;&#x438; &#x431;&#x430;&#x448;&#x43A;&#x438;&#x440;&#x441;&#x43A;&#x438;&#x435;</subfield>
    <subfield code="j">&#x41F;&#x435;&#x440;&#x435;&#x43F;&#x438;&#x441;&#x43A;&#x430;</subfield>
    <subfield code="9">2437915</subfield>
    <subfield code="3">RU\NLR\AUTH\661450548</subfield>
  </datafield>
  <datafield tag="686" ind1="1" ind2=" ">
    <subfield code="a">&#x428;5(2=&#x411;&#x430;&#x448;)7-4&#x41A;&#x443;&#x434;&#x430;&#x448;</subfield>
  </datafield>
  <datafield tag="686" ind1="1" ind2=" ">
    <subfield code="a">&#x428;5(2=&#x411;&#x430;&#x448;)7-4</subfield>
  </datafield>
  <datafield tag="700" ind1=" " ind2="1">
    <subfield code="7">ca</subfield>
    <subfield code="8">rus</subfield>
    <subfield code="a">&#x41A;&#x443;&#x434;&#x430;&#x448;&#x435;&#x432;&#x430;</subfield>
    <subfield code="b">&#x421;. &#x421;.</subfield>
    <subfield code="f">1921-</subfield>
    <subfield code="g">&#x421;&#x44E;&#x435;&#x43C;&#x431;&#x438;&#x43A;&#x430; &#x421;&#x430;&#x439;&#x444;&#x438;&#x435;&#x432;&#x43D;&#x430;</subfield>
    <subfield code="9">163243</subfield>
    <subfield code="3">RU\NLR\AUTH\770163287</subfield>
  </datafield>
  <datafield tag="801" ind1=" " ind2="0">
    <subfield code="a">RU</subfield>
    <subfield code="b">&#x420;&#x413;&#x411;</subfield>
    <subfield code="c">20150323</subfield>
    <subfield code="g">RCR</subfield>
  </datafield>
  <datafield tag="942" ind1=" " ind2=" ">
    <subfield code="c">BOOK</subfield>
  </datafield>
  <datafield tag="980" ind1=" " ind2=" ">
    <subfield code="a">NBR</subfield>
  </datafield>
</record>
